Регионална библиотека "Любен Каравелов" - Русе

Амос Дарагон - Гневът на Енки (Запис номер 80473)

MARC детайли
000 -Лидер
Контролно поле с фиксирана дължина 01361nam a2200349 c 4500
003 - Код на организацията, давaща контролен номер
Контролно поле BLK
005 - Дата и час на последна редакция
Контролно поле 20230627110147.0
008 - Елементи от данни с фиксирана дължина
fixed length control field 180408b bul|||||r ||||||| ||bul||
010 ## - Наследен системен номер
LC control number KNG00084959000
020 ## - Международен стандартен номер на книга ISBN
Международен стандартен номер на книга ISBN 978-954-26-0573-7
-- издат.: Хермес
040 ## - Източник на каталожния запис
Идентификатор на билиотеката - собственик на записа BLK
041 ## - Код за език
Код за езика на текст/звукозапис или на отделно заглавие Български
Код за езика КДБФ Български
080 ## - УДК
Текстов определител УДК Англоканадска литература
УДК код - определител по УДК 821.111(71)
УДК определител -312.9
УДК - код + определител 821.111(71)-312.9
100 1# - Редна дума - Автор
Автор Перо, Брайън
Авторска отговорност първи автор
R(LIN) 279689
139 ## - Редно поле
Редна дума Перо, Брайън
Авторски знак Пер - П 37
245 10 - Сведения за заглавието
Заглавие Амос Дарагон - Гневът на Енки
Подзаглавни данни Роман
Редно поле (дума) Брайън Перо; прев. от фр. Анета Илиева Тошева.
257 ## - Страна на издаване
Страна на създаване/издаване Канада
260 ## - Област на издателските данни
-- Пловдив
Име на издателя, разпространителя и проч. Хермес
Година на издаване 2007
Печатница Хасково : Полиграфюг
300 ## - Физическа характеристика
Страници 240 с.
Размери/Мащаб 18 см
380 ## - Жанр
Жанр Детска худож. лит.
490 1# - СЕРИИ (Колекции)
Име на серия Фентъзи серия
№: серия 6
500 ## - Общи забележки
Забележка Ориг. загл. Amos Daragon, la colere d'Enki / Bryan Perro. - Офс. изд. - Съдържа и Речник.
653 ## - Ключова дума – ненормативна
Ключова дума фантастика
653 ## - Ключова дума – ненормативна
Ключова дума романи
700 ## - Други автори (авторска отговорност)
Лично име Тошева, Анета Илиева
9 (RLIN) 366009
852 ## - Местоположение
Форматна сигнатура Цб І 33072
856 4# - Електронен адрес и достъп
Електронен формат pdf - файл
Път до файла /url/
856 4# - Електронен адрес и достъп
Електронен формат pdf - файл
Път до файла /url/
942 ## - АРТИКУЛИ
Вид на библиотечния материал Книги
Скрит в OPAC Не
Koha issues (borrowed), all copies 3
944 ## - СЪЗДАВАНЕ И РЕДАКЦИЯ на ЗАПИСА
Създаване/Редакция Създаване
Дата на регистрацията/редакция 21.08.2008
Статус, дата на статуса ф /
Служител, извършил регистрацията/редакцията Людмила_Стоянова
944 ## - СЪЗДАВАНЕ И РЕДАКЦИЯ на ЗАПИСА
Създаване/Редакция Редакция
Дата на регистрацията/редакция 15.10.2012
Статус, дата на статуса ф /
Служител, извършил регистрацията/редакцията
999 ## - СИСТЕМНИ КОНТРОЛНИ НОМЕРА
Koha biblionumber 80473
Koha biblioitemnumber 80473
Наличности
Код за отписване Код за изгубен артикул Код за повреда Коз за рестрикции Код за отдаване Артикулен № Име на библиотеката - собственик Име на библиотеката, в която се намира в момента Статус (Текущо местоположение) Дата на вписване в системата Местоположение - отдел Цена в лева Инвентарен номер Систематично азбучна сигнатура Баркод Номер на екземпляра Цена в евро Служебна бележка Служебен тип на артикула Източник на класификационната схема
  Не е изгубен Не е повреден без рестрикции ползва се в читалня 130470 Регионална библиотека "Любен Каравелов" Русе Регионална библиотека "Любен Каравелов" Русе Хранилище 2008-08-20 Хранилище 5.95 120000728163 Цб І 33072 120000728163 1 3.04 Дост: Dp Вид: Д N: 20 Дата: 18.04.2008 Книги  
Изтеглен Не е изгубен Не е повреден без рестрикции заемане за дома 130471 Регионална библиотека "Любен Каравелов" Русе Регионална библиотека "Любен Каравелов" Русе Детски отдел 2012-03-01 Детски отдел 5.95 120000756320 ДХ 820/899/П 37 120000756320 2 3.04 Дост: DA Вид: А N: 3 Дата: 01.03.2012 Книги Universal Decimal Classification
  Не е изгубен Не е повреден без рестрикции заемане за дома 130472 Регионална библиотека "Любен Каравелов" Русе Регионална библиотека "Любен Каравелов" Русе Детски отдел 2012-05-16 Детски отдел 4.76 120000757281 ДХ 820/899/П 37 120000757281 3 2.43 Дост: DA Вид: А N: 7 Дата: 16.05.2012 Дата инв: 10.08.2015 Бележки инв: Д2015 Книги  
Vip Innovations Ltd, Rousse, Bulgaria 2025